000 00632cam a22002531 4500
999 _c8272
_d8272
001 8272
003 BD-JhCC
005 20180220120124.0
008 750602s1948 xx 000 0 eng
035 _a(BD-JhCC)8272
035 _a(OCoLC)1368220
040 _aDLC
_cFO
_dOCoLC
_dDLC
_dBD-JhCC
041 _aeng
050 0 0 _aB945.D43
_bR4 1948
082 _a104
_bDEW 1948
100 1 _aDewey, John,
_d1859-1952.
245 1 0 _aReconstruction in philosophy.
250 _aEnl. ed.
260 _aBoston,
_bBeacon Press
_c[1948]
300 _axivii, 224 p.
_c20 cm.
650 0 _aPhilosophy.
942 _2ddc
_cBK